Entry Términos de género/forma
001 - NÚMERO DE CONTROL
- campo de control: 234356
003 - IDENTIFICADOR DE NÚMERO DE CONTROL
- campo de control: SpMaBN
005 - FECHA Y HORA DE LA ÚLTIMA TRANSACCIÓN
- campo de control: 20231019205007.0
008 - ELEMENTOS DE DATO DE LONGITUD-FIJA
- campo de control de longitud fija: 180212 n anznnbabn |a ana
024 7# - IDENTIFICADOR DE OTROS ESTÁNDARES
- Número estándar o código: http://id.loc.gov/vocabulary/graphicMaterials/tgm010217
- Fuente: lctgm
024 7# - IDENTIFICADOR DE OTROS ESTÁNDARES
- Número estándar o código: http://vocab.getty.edu/page/aat/300213156
- Fuente: aat
024 7# - IDENTIFICADOR DE OTROS ESTÁNDARES
- Número estándar o código: https://data.bnf.fr/ark:/12148/cb12288247k
- Fuente: rameau
040 ## - FUENTE DE CATALOGACIÓN
- Centro catalogador/agencia de origen: SpMaBN
- Lengua de catalogación: spa
- Centro/agencia transcriptor: SpMaBN
- Normas de descripción: rdc
- Convención/Normas de encabezamiento de materia/tesauro: tgfbne
155 ## - ENCABEZAMIENTO--TÉRMINO DE GÉNERO/FORMA
- Término de género/forma: Guiones gráficos
455 ## - TRAZADO DE VÉASE--TÉRMINO GÉNERO/FORMA
- Término de género/forma: Storyboards
555 ## - TRAZADO DE VÉASE ADEMÁS--TÉRMINO GÉNERO/FORMA
- Subcampo de control: g
- Término de género/forma: Dibujos
555 ## - TRAZADO DE VÉASE ADEMÁS--TÉRMINO GÉNERO/FORMA
- Término de género/forma: Películas cinematográficas
670 ## - FUENTE DE DATOS ENCONTRADOS
- Cita de la fuente: TGM
- Información encontrada: (Storyboards)
670 ## - FUENTE DE DATOS ENCONTRADOS
- Cita de la fuente: AAT
- Información encontrada: (storyboards)
670 ## - FUENTE DE DATOS ENCONTRADOS
- Cita de la fuente: RAMEAU
- Información encontrada: (Scénarimages)
680 ## - NOTA GENERAL PÚBLICA
- Texto explicativo: Úsase para las representaciones gráficas de una película antes de su realización
